Т. 4: Пьесы; Собрание сочинений; Любви игра роковая; Разбойник; RUR; Из жизни насекомых; Средство Макропулоса; Адам-Творец; Белая болезнь; Мать

Sonraí bibleagrafaíochta
Parent link:Собрание сочинений: в 7 т./ К. Чапек; под ред. Н. А. Аросева и др. ; худож. К. Чапек и И. Чапек ; сост. С. Никольский. Т. 4: Пьесы.— , 1974-
Teanga:Rúisis
Foilsithe / Cruthaithe: 1974
TOC:Любви игра роковая;
Разбойник;
RUR;
Из жизни насекомых;
Средство Макропулоса;
Адам-Творец;
Белая болезнь;
Мать;
Ábhair:
Formáid: LEABHAR
KOHA link:https://koha.lib.tpu.ru/cgi-bin/koha/opac-detail.pl?biblionumber=169822

MARC

LEADER 00000nam2a2200000 4500
001 169822
005 20231101222840.0
035 |a (RuTPU)RU\TPU\book\184187 
035 |a RU\TPU\book\184177 
090 |a 169822 
100 |a 20091118d1974 m y0rusy50 ca 
101 1 |a rus  |c cze 
102 |a RU 
105 |a a z 001ab 
200 0 |a Т. 4: Пьесы 
210 |d 1974 
215 |a 608 с.  |c ил. 
320 |a Комментарии: с. 591-607 
461 1 |0 (RuTPU)RU\TPU\book\184108  |t Собрание сочинений  |o в 7 т.  |o пер. с чеш.  |f К. Чапек  |g под ред. Н. А. Аросева и др. ; худож. К. Чапек и И. Чапек ; сост. С. Никольский  |v Т. 4: Пьесы  |d 1974- 
464 |t Любви игра роковая 
464 |t Разбойник 
464 |t RUR 
464 |t Из жизни насекомых 
464 |t Средство Макропулоса 
464 |t Адам-Творец 
464 |t Белая болезнь 
464 |t Мать 
600 1 |a Чапек  |b К.  |c чешский писатель-сатирик  |f 1880-1938  |g Карел  |2 stltpush  |3 (RuTPU)RU\TPU\pers\17083  |9 6223 
610 1 |a чешская литература 
610 1 |a проза 
610 1 |a рассказы 
610 1 |a сатира 
610 1 |a юмор 
675 |a 89Д-8  |v 3 
801 1 |a RU  |b 63413507  |c 20091117 
801 2 |a RU  |b 63413507  |c 20091118  |g RCR 
942 |c BK